[Event "XXIII Festival Conca della Presolana A"]
[Site "Bratto - Castione della Presolana ITA"]
[Date "2003.08.27"]
[Round "7"]
[White "Rosin, Federico"]
[Black "Bertagnolli, Gerhard"]
[Result "1-0"]
[WhiteElo "2117"]
[BlackElo "1870"]
[PlyCount "109"]
[EventDate "2003.08.21"]

1.e4 g6 2.d4 Bg7 3.Nc3 c6 4.f4 d5 5.e5 h5 6.Nf3 Nh6 7.Be3 Bg4 8.Be2 e6 9.
O-O Nf5 10.Bf2 Bf8 11.Na4 Nd7 12.b3 Be7 13.c4 Nb6 14.Nb2 Rc8 15.c5 Na8 16.
b4 Nc7 17.a4 O-O 18.Qd2 Ne8 19.Nd3 Neg7 20.b5 Bxf3 21.Bxf3 g5 22.g3 Kh8 
23.Rab1 gxf4 24.Nxf4 Bg5 25.Qe2 h4 26.Nh5 hxg3 27.hxg3 Rg8 28.Kh2 Nxh5 29.
Bxh5 Kg7 30.g4 Bf4+ 31.Kh3 Nh6 32.Bh4 Bg5 33.Rf6 Bxh4 34.Kxh4 Qe7 35.Rf1 
Rh8 36.Kg3 Rcg8 37.Qe3 Nf5+ 38.gxf5 Rxh5 39.fxe6 fxe6 40.Kf2 Kh7 41.Ke1 
Rg7 42.Qd3+ Kg8 43.Qf3 Rh4 44.Rf8+ Kh7 45.Rf6 Kg8 46.Qf2 Rh5 47.Rf8+ Kh7 
48.Qc2+ Rf5 49.Rh1+ Kg6 50.Rf6+ Qxf6 51.exf6 Kxf6 52.Rf1 Rg4 53.Rxf5+ exf5
54.Qh2 Rxd4 55.Qh8+ 1-0

[Event "XXIII Festival Conca della Presolana A"]
[Site "Bratto - Castione della Presolana ITA"]
[Date "2003.08.27"]
[Round "7"]
[White "Sbarra, Marco"]
[Black "Del Dotto, Riccardo"]
[Result "1/2-1/2"]
[WhiteElo "2207"]
[BlackElo "2151"]
[PlyCount "53"]
[EventDate "2003.08.21"]

1.e4 e5 2.Nf3 Nf6 3.Nc3 Bb4 4.Nxe5 O-O 5.Be2 Re8 6.Nd3 Bxc3 7.dxc3 Nxe4 8.
Nf4 d6 9.O-O Nd7 10.f3 Nec5 11.c4 Nf8 12.Rf2 a5 13.b3 Nce6 14.Nxe6 Nxe6 
15.Bf1 Qf6 16.Rb1 Nf4 17.Qd2 Ne6 18.Bb2 Qf4 19.Qc3 f6 20.Re1 Bd7 21.g3 Qg5
22.Bc1 Qc5 23.Be3 Qb4 24.Qa1 Qa3 25.Bc1 Qc5 26.Be3 Qa3 27.Bc1 1/2-1/2

[Event "XXIII Festival Conca della Presolana A"]
[Site "Bratto - Castione della Presolana ITA"]
[Date "2003.08.27"]
[Round "7"]
[White "Scotti, Umberto"]
[Black "Costantini, Roberto"]
[Result "0-1"]
[WhiteElo "2135"]
[BlackElo "2334"]
[PlyCount "42"]
[EventDate "2003.08.21"]

1.d4 d5 2.Nf3 Nf6 3.e3 c6 4.Bd3 Bg4 5.Nbd2 Nbd7 6.h3 Bh5 7.c4 e6 8.O-O Bd6
9.b3 O-O 10.Bb2 Qe7 11.Qc2 Rac8 12.Ne5 c5 13.Rac1 cxd4 14.exd4 Rfd8 15.
Rfe1 b6 16.Qb1 dxc4 17.bxc4 Bb4 18.Rc2 Nxe5 19.Rxe5 Bxd2 20.Rxd2 Bg6 21.
Bc3 Rxc4 0-1

[Event "XXIII Festival Conca della Presolana A"]
[Site "Bratto - Castione della Presolana ITA"]
[Date "2003.08.27"]
[Round "7"]
[White "Sedina, Elena"]
[Black "Lucaroni, Massimiliano"]
[Result "1-0"]
[WhiteElo "2390"]
[BlackElo "2295"]
[PlyCount "95"]
[EventDate "2003.08.21"]

1.e4 e5 2.Nf3 Nc6 3.Nc3 Nf6 4.g3 Bb4 5.Bg2 Bxc3 6.bxc3 Nxe4 7.Nxe5 Nxe5 8.
Bxe4 d5 9.Bg2 O-O 10.O-O d4 11.d3 dxc3 12.d4 Nc6 13.d5 Ne5 14.Ba3 Re8 15.
Bb4 c6 16.Bxc3 cxd5 17.Qd4 f6 18.Qxd5+ Qxd5 19.Bxd5+ Kh8 20.Rab1 Rb8 21.f4
Ng4 22.Rfe1 Bf5 23.Rxb7 Rxe1+ 24.Bxe1 Rxb7 25.Bxb7 Bxc2 26.h3 Ne3 27.Bf2 
Nf5 28.g4 Nd6 29.Ba6 h5 30.gxh5 Bf5 31.Bxa7 Bxh3 32.Be2 Bd7 33.Kf2 Nb5 34.
Bb8 Nc3 35.Bc4 Be8 36.Ke3 Bxh5 37.a3 Bg4 38.Kd4 Na4 39.Bb3 Bd7 40.Kc4 g5 
41.fxg5 fxg5 42.Be5+ Kh7 43.Bd4 Kg6 44.Kb4 Kf5 45.Bxa4 Bc8 46.Bc6 Kg4 47.
Kb5 Kh3 48.a4 1-0

[Event "XXIII Festival Conca della Presolana A"]
[Site "Bratto - Castione della Presolana ITA"]
[Date "2003.08.27"]
[Round "7"]
[White "Temi, Walter"]
[Black "Marzano, Carlo"]
[Result "1/2-1/2"]
[WhiteElo "2064"]
[BlackElo "2225"]
[PlyCount "70"]
[EventDate "2003.08.21"]

1.e4 Nc6 2.Nf3 d6 3.d4 Nf6 4.Nc3 Bg4 5.Be2 e5 6.d5 Ne7 7.Be3 Ng6 8.Qd2 Be7
9.Bb5+ Bd7 10.Bxd7+ Qxd7 11.h3 O-O 12.g3 b5 13.Qd3 b4 14.Ne2 c6 15.c4 bxc3
16.Nxc3 cxd5 17.Nxd5 Nxd5 18.Qxd5 Rab8 19.b3 Rb5 20.Qd3 d5 21.O-O f5 22.a4
Rb7 23.Qxd5+ Qxd5 24.exd5 Rxb3 25.Nd2 Rd3 26.Nc4 a6 27.d6 Bf6 28.Rfd1 e4 
29.Rxd3 Bxa1 30.Rd1 Bf6 31.d7 Bd8 32.Bc5 Rf6 33.Bb6 Rf8 34.Bc5 Rf6 35.Bb6 
Rf8 1/2-1/2

[Event "XXIII Festival Conca della Presolana A"]
[Site "Bratto - Castione della Presolana ITA"]
[Date "2003.08.27"]
[Round "7"]
[White "Vancini, Edoardo"]
[Black "Godena, Michele"]
[Result "0-1"]
[WhiteElo "2284"]
[BlackElo "2517"]
[PlyCount "50"]
[EventDate "2003.08.21"]

1.e4 e5 2.Nf3 Nc6 3.d4 exd4 4.Nxd4 Bc5 5.Be3 Qf6 6.c3 Nge7 7.Qd2 O-O 8.Nb5
Bxe3 9.Qxe3 d5 10.Nxc7 Rb8 11.Nd2 dxe4 12.O-O-O Qe5 13.Qg3 Qa5 14.Bc4 b5 
15.Nd5 Nf5 16.Nf6+ Kh8 17.Qh3 Nh6 18.Qh4 bxc4 19.Qxe4 Bf5 20.Qxc6 Qxa2 21.
Nxc4 Rfc8 22.Qd5 gxf6 23.Qd6 Ng4 24.h3 Qb1+ 25.Kd2 Qc2+ 0-1

[Event "XXIII Festival Conca della Presolana A"]
[Site "Bratto - Castione della Presolana ITA"]
[Date "2003.08.27"]
[Round "7"]
[White "Vigile, Matteo"]
[Black "Lapiccirella, Mattia"]
[Result "1/2-1/2"]
[WhiteElo "2080"]
[BlackElo "2187"]
[PlyCount "82"]
[EventDate "2003.08.21"]

1.e4 c5 2.c3 d5 3.exd5 Qxd5 4.d4 Nf6 5.Nf3 Bg4 6.Be2 e6 7.h3 Bh5 8.Na3 a6 
9.Nc2 Nc6 10.O-O cxd4 11.Nfxd4 Bxe2 12.Qxe2 Be7 13.Nxc6 Qxc6 14.Nd4 Qc7 
15.Re1 O-O 16.Bg5 h6 17.Bh4 Rfe8 18.Nf3 Rac8 19.Rad1 b5 20.Ne5 Nd5 21.Bxe7
Rxe7 22.Rd4 Qb6 23.Ng4 Rec7 24.Qe5 Rc4 25.Red1 Qa5 26.R1d3 Rxd4 27.Rxd4 
Rc4 28.Rxc4 bxc4 29.Qb8+ Kh7 30.Qe8 Qxa2 31.Qxf7 Qb1+ 32.Kh2 Qe4 33.f3 Qe2
34.h4 Qxb2 35.Qxe6 Qd2 36.Qe4+ Kh8 37.Ne5 Ne3 38.Qg6 Nf1+ 39.Kh3 Qf4 40.
Qe8+ Kh7 41.Qg6+ Kh8 1/2-1/2

[Event "XXIII Festival Conca della Presolana A"]
[Site "Bratto - Castione della Presolana ITA"]
[Date "2003.08.27"]
[Round "7"]
[White "Zacco, Remo"]
[Black "Contini, Gabriele"]
[Result "1-0"]
[WhiteElo "2077"]
[BlackElo "1969"]
[PlyCount "97"]
[EventDate "2003.08.21"]

1.Nf3 d5 2.b3 Nf6 3.Bb2 c6 4.e3 Bg4 5.Be2 e6 6.O-O Be7 7.d3 O-O 8.Nbd2 
Nbd7 9.c4 Qc7 10.Rc1 Rad8 11.Re1 dxc4 12.Rxc4 Bf5 13.Nh4 Nb6 14.Nxf5 exf5 
15.Rc1 Nfd5 16.a3 Rfe8 17.Qc2 Bf6 18.d4 g6 19.Bf3 Bg7 20.b4 Qd7 21.Nb3 Qe7
22.Nc5 Nf6 23.Nxb7 Qxb7 24.Bxc6 Qe7 25.Bxe8 Rxe8 26.Qc7 Qe4 27.Qxa7 Nbd5 
28.Qb7 Qh4 29.h3 g5 30.Rc8 Rf8 31.Rxf8+ Bxf8 32.Qc8 Qe4 33.Rc1 f4 34.Qc2 
Qe6 35.Re1 fxe3 36.fxe3 Nxe3 37.Qe2 Nfd5 38.Bc1 Bg7 39.Bxe3 Nxe3 40.Qxe3 
Bxd4 41.Qxd4 Qxe1+ 42.Kh2 Qc1 43.Qd3 h6 44.Qg3 f5 45.b5 f4 46.Qb3+ Kg7 47.
b6 Qd2 48.b7 Qf2 49.b8=Q 1-0

[Event "XXIII Festival Conca della Presolana A"]
[Site "Bratto - Castione della Presolana ITA"]
[Date "2003.08.27"]
[Round "7"]
[White "Zanellato, Lorenzo"]
[Black "Astengo, Corrado"]
[Result "1/2-1/2"]
[WhiteElo "2055"]
[BlackElo "2170"]
[PlyCount "28"]
[EventDate "2003.08.21"]

1.d4 d5 2.c4 c6 3.Nf3 Nf6 4.Nc3 a6 5.e3 b5 6.b3 Bg4 7.h3 Bxf3 8.gxf3 e6 9.
Bd3 Bb4 10.Qc2 Nbd7 11.a3 Be7 12.f4 O-O 13.c5 Re8 14.Bb2 Nf8 1/2-1/2

[Event "XXIII Festival Conca della Presolana A"]
[Site "Bratto - Castione della Presolana ITA"]
[Date "2003.08.28"]
[Round "8"]
[White "Affinito, Pancrazio"]
[Black "Sbarra, Marco"]
[Result "0-1"]
[WhiteElo "2080"]
[BlackElo "2207"]
[PlyCount "140"]
[EventDate "2003.08.21"]

1.d4 d5 2.c4 e6 3.Nf3 c5 4.cxd5 exd5 5.Nc3 Nc6 6.Bg5 Be7 7.Bxe7 Ngxe7 8.e3
c4 9.Be2 b5 10.Ne5 O-O 11.O-O b4 12.Nxc6 Nxc6 13.Na4 Re8 14.a3 Rb8 15.Bf3 
Bf5 16.Qd2 bxa3 17.Rxa3 Nb4 18.Nc5 Re7 19.g3 h6 20.Rc1 Nd3 21.Nxd3 Bxd3 
22.b3 Qd6 23.Rca1 Reb7 24.Bd1 Qb4 25.Qxb4 Rxb4 26.bxc4 dxc4 27.Rxa7 Rb1 
28.Kg2 c3 29.Kf3 f5 30.h4 Rxa1 31.Rxa1 c2 32.Bxc2 Bxc2 33.Kf4 Be4 34.f3 
Rb1 35.Rxb1 Bxb1 36.e4 fxe4 37.fxe4 Kf7 38.Ke5 Bc2 39.d5 Bd1 40.Kf4 h5 41.
e5 Kg6 42.Ke4 Bg4 43.e6 Kf6 44.Kf4 Bh3 45.Ke4 Bg2+ 46.Kd4 Bf3 47.Kc5 Ke7 
48.Kc6 Bd1 49.Kc5 Bc2 50.Kc6 Bb3 51.Kc5 Ba4 52.Kb4 Be8 53.Kc5 Bg6 54.Kc6 
Be4 55.Kc5 Bc2 56.Kc6 Kf6 57.Kd6 Ba4 58.Kc5 Ke5 59.Kc4 Be8 60.Kc5 Ba4 61.
Kc4 Kd6 62.Kd4 Bb3 63.e7 Kxe7 64.Ke5 Bd1 65.d6+ Kd7 66.Kf5 Kxd6 67.Kg6 Ke5
68.Kxg7 Kf5 69.Kh6 Kg4 70.Kg6 Kxg3 0-1

[Event "XXIII Festival Conca della Presolana A"]
[Site "Bratto - Castione della Presolana ITA"]
[Date "2003.08.28"]
[Round "8"]
[White "Agnelli, Francesco"]
[Black "Rombaldoni, Andrea"]
[Result "0-1"]
[WhiteElo "2102"]
[BlackElo "2259"]
[PlyCount "38"]
[EventDate "2003.08.21"]

1.e4 e5 2.Nf3 Nc6 3.Bb5 Bc5 4.c3 Qf6 5.O-O Nge7 6.Re1 O-O 7.d4 exd4 8.e5 
Qg6 9.cxd4 Nxd4 10.Nxd4 Qb6 11.Be3 Bxd4 12.Bxd4 Qxb5 13.Nc3 Qc4 14.Rc1 b6 
15.Ne4 Qxa2 16.Rxc7 Qe6 17.Rc3 Bb7 18.Nf6+ Kh8 19.Qh5 Qf5 0-1

[Event "XXIII Festival Conca della Presolana A"]
[Site "Bratto - Castione della Presolana ITA"]
[Date "2003.08.28"]
[Round "8"]
[White "Astengo, Corrado"]
[Black "Luchsinger, Eric"]
[Result "1/2-1/2"]
[WhiteElo "2170"]
[BlackElo "2094"]
[PlyCount "41"]
[EventDate "2003.08.21"]

1.e4 e5 2.Nf3 Nf6 3.Nxe5 d6 4.Nf3 Nxe4 5.Nc3 Nxc3 6.dxc3 Be7 7.Be3 Nc6 8.
Qd2 Ne5 9.Nd4 O-O 10.O-O-O c5 11.Nb5 Be6 12.Nxd6 Qb6 13.b4 Bxd6 14.Qxd6 
Qxd6 15.Rxd6 cxb4 16.cxb4 Bxa2 17.Be2 Nc4 18.Rd7 Nxe3 19.fxe3 Rab8 20.Bf3 
Be6 21.Rxb7 1/2-1/2

[Event "XXIII Festival Conca della Presolana A"]
[Site "Bratto - Castione della Presolana ITA"]
[Date "2003.08.28"]
[Round "8"]
[White "Barletta, Antonio"]
[Black "Gosio, Denis"]
[Result "1/2-1/2"]
[WhiteElo "2053"]
[BlackElo "2160"]
[PlyCount "113"]
[EventDate "2003.08.21"]

1.e4 c5 2.Nf3 e6 3.d4 cxd4 4.Nxd4 Nf6 5.Nc3 d6 6.Be2 Be7 7.Be3 Nc6 8.O-O 
O-O 9.f4 a6 10.a4 Qc7 11.Kh1 Re8 12.Qe1 Nxd4 13.Bxd4 e5 14.fxe5 dxe5 15.
Qg3 Bd8 16.Be3 Kh8 17.Bg5 Be6 18.Bxf6 Bxf6 19.Bd3 Qe7 20.Qf3 Bg5 21.g3 g6 
22.h4 Bh6 23.Rf2 Bg7 24.h5 Kg8 25.Raf1 Rad8 26.hxg6 hxg6 27.Nd1 Rd4 28.Ne3
Rxa4 29.b3 Rd4 30.Bc4 Bxc4 31.Nxc4 Rf8 32.Ne3 Rd6 33.Rh2 Qg5 34.g4 Rf6 35.
Qe2 Rxf1+ 36.Nxf1 Bh6 37.Rf2 Rd8 38.Kg2 Qe7 39.Ne3 Bxe3 40.Qxe3 f6 41.Kg3 
Kg7 42.Rh2 g5 43.Qf3 Rh8 44.Rxh8 Kxh8 45.Qf5 Kg7 46.Qc8 Qb4 47.Kf3 a5 48.
Qd7+ Kh8 49.Qf7 Qc3+ 50.Ke2 Qxc2+ 51.Ke3 Qc3+ 52.Ke2 Qb2+ 53.Ke1 Qb1+ 54.
Kd2 Qb2+ 55.Ke1 Qc1+ 56.Ke2 Qc2+ 57.Ke3 1/2-1/2

[Event "XXIII Festival Conca della Presolana A"]
[Site "Bratto - Castione della Presolana ITA"]
[Date "2003.08.28"]
[Round "8"]
[White "Belotti, Bruno"]
[Black "Isonzo, David"]
[Result "1/2-1/2"]
[WhiteElo "2435"]
[BlackElo "2347"]
[PlyCount "63"]
[EventDate "2003.08.21"]

1.Nf3 Nc6 2.c4 e5 3.Nc3 Nf6 4.d3 Bb4 5.Bd2 O-O 6.e3 Re8 7.Be2 Bxc3 8.Bxc3 
d5 9.cxd5 Qxd5 10.O-O Bg4 11.Qc2 e4 12.dxe4 Nxe4 13.Rfd1 Qc5 14.Rac1 Nxc3 
15.Qxc3 Qxc3 16.Rxc3 Rad8 17.h3 Rxd1+ 18.Bxd1 Bd7 19.Ba4 Rc8 20.Nd4 Nxd4 
21.Bxd7 Ne2+ 22.Kf1 Nxc3 23.Bxc8 Nxa2 24.Bxb7 Nb4 25.Ke2 Kf8 26.Kd2 Ke7 
27.Be4 h6 28.Kc3 c5 29.Kc4 Kd6 30.Kb5 Na2 31.Kc4 Nb4 32.Kb5 1/2-1/2

[Event "XXIII Festival Conca della Presolana A"]
[Site "Bratto - Castione della Presolana ITA"]
[Date "2003.08.28"]
[Round "8"]
[White "Bertagnolli, Gerhard"]
[Black "Galli, Fabio"]
[Result "1/2-1/2"]
[WhiteElo "1870"]
[BlackElo "2086"]
[PlyCount "23"]
[EventDate "2003.08.21"]

1.d4 d5 2.Nf3 c6 3.e3 Nf6 4.Bd3 g6 5.b3 Bg4 6.O-O Bg7 7.Nbd2 O-O 8.Bb2 
Nbd7 9.h3 Bxf3 10.Nxf3 Ne4 11.c4 e6 12.Rc1 1/2-1/2

[Event "XXIII Festival Conca della Presolana A"]
[Site "Bratto - Castione della Presolana ITA"]
[Date "2003.08.28"]
[Round "8"]
[White "Bonazzi, Edoardo"]
[Black "Passoni, Carlo"]
[Result "0-1"]
[WhiteElo "2130"]
[BlackElo "2246"]
[PlyCount "94"]
[EventDate "2003.08.21"]

1.c4 e5 2.g3 Nc6 3.Bg2 d6 4.Nc3 Be6 5.d3 g6 6.e4 Bg7 7.Nge2 Nge7 8.O-O Qd7
9.Nd5 O-O 10.Be3 f5 11.Qd2 Kh8 12.Rae1 Ng8 13.exf5 gxf5 14.f4 Nd8 15.b3 
Nf7 16.Kh1 Rfd8 17.Ndc3 c5 18.Nd5 b6 19.Nec3 Rab8 20.b4 cxb4 21.Nxb4 Ne7 
22.Nbd5 Nc6 23.Ne2 Na5 24.Qb4 Rdc8 25.Rc1 Nd8 26.a4 Ndc6 27.Qa3 Re8 28.
Nec3 e4 29.Nb5 exd3 30.Nbc7 Bxd5 31.Nxd5 Nb7 32.Qxd3 Nc5 33.Bxc5 bxc5 34.
Rb1 Nb4 35.Nxb4 cxb4 36.a5 Qe6 37.Bf3 Bc3 38.Rfd1 Qf6 39.a6 Rb6 40.Bb7 Qg7
41.Rf1 Rxb7 42.axb7 Qxb7+ 43.Kg1 Qb6+ 44.Kg2 Qc6+ 45.Kh3 a5 46.Ra1 a4 47.
Rfb1 Re4 0-1

[Event "XXIII Festival Conca della Presolana A"]
[Site "Bratto - Castione della Presolana ITA"]
[Date "2003.08.28"]
[Round "8"]
[White "Brancaleoni, Maurizio"]
[Black "Piantoni, Roberto"]
[Result "1/2-1/2"]
[WhiteElo "2298"]
[BlackElo "2157"]
[PlyCount "44"]
[EventDate "2003.08.21"]

1.Nf3 Nf6 2.c4 c5 3.Nc3 Nc6 4.d4 cxd4 5.Nxd4 g6 6.g3 Bg7 7.Bg2 O-O 8.O-O 
Nxd4 9.Qxd4 d6 10.Qd3 Qa5 11.Nb5 a6 12.Bd2 Qb6 13.Nc3 Be6 14.b3 Rab8 15.
Rac1 Qd8 16.Rfd1 Qd7 17.a4 Rfc8 18.e4 Rc5 19.Qe2 Ng4 20.Nd5 Bd4 21.Rf1 b5 
22.Nf4 bxc4 1/2-1/2

[Event "XXIII Festival Conca della Presolana A"]
[Site "Bratto - Castione della Presolana ITA"]
[Date "2003.08.28"]
[Round "8"]
[White "Bresciani, Nicola"]
[Black "Barlocco, Carlo"]
[Result "1/2-1/2"]
[WhiteElo "2285"]
[BlackElo "2150"]
[PlyCount "60"]
[EventDate "2003.08.21"]

1.e4 c5 2.Nf3 a6 3.c4 e6 4.d4 cxd4 5.Nxd4 Nf6 6.Nc3 Qc7 7.Be2 Nc6 8.O-O 
Bb4 9.Nxc6 dxc6 10.Qd3 O-O 11.Bg5 Bxc3 12.bxc3 Qe5 13.Bxf6 Qxf6 14.c5 Rd8 
15.Qe3 e5 16.Rab1 Qe7 17.Bc4 Be6 18.Bxe6 Qxe6 19.Rxb7 Qxa2 20.Qg5 Re8 21.
h3 Qe6 22.Ra1 h6 23.Qg4 Qxg4 24.hxg4 a5 25.Rb6 Rec8 26.Ra4 Rc7 27.Kf1 Kf8 
28.Ke2 Ke7 29.g3 Kd7 30.Kd3 Rca7 1/2-1/2

[Event "XXIII Festival Conca della Presolana A"]
[Site "Bratto - Castione della Presolana ITA"]
[Date "2003.08.28"]
[Round "8"]
[White "Capitelli, Paolo"]
[Black "Cardelli, Gabriele"]
[Result "1-0"]
[WhiteElo "2128"]
[BlackElo "1927"]
[PlyCount "63"]
[EventDate "2003.08.21"]

1.e4 d5 2.exd5 Nf6 3.c4 c6 4.dxc6 Nxc6 5.Nc3 e5 6.d3 Bc5 7.Be2 Bf5 8.Nf3 
Nb4 9.O-O O-O 10.Nxe5 Bd4 11.Qb3 Qe7 12.Bf4 Bxe5 13.Bxe5 Qxe5 14.Qxb4 Rad8
15.Rfe1 Qb8 16.Rad1 Rd4 17.Qc5 Rf4 18.g3 b6 19.Qe3 Rg4 20.Bxg4 Bxg4 21.f3 
Bf5 22.Ne4 Nd7 23.Qf4 Qxf4 24.gxf4 Nf6 25.Nxf6+ gxf6 26.d4 Rc8 27.Rc1 Bd3 
28.b3 h5 29.Re3 Bf5 30.b4 Kg7 31.d5 Rd8 32.Rd1 1-0

[Event "XXIII Festival Conca della Presolana A"]
[Site "Bratto - Castione della Presolana ITA"]
[Date "2003.08.28"]
[Round "8"]
[White "Capone, Vincenzo"]
[Black "Orsi, Massimiliano"]
[Result "1-0"]
[WhiteElo "2133"]
[BlackElo "2046"]
[PlyCount "113"]
[EventDate "2003.08.21"]

1.e4 e5 2.Nf3 Nc6 3.Bb5 Nd4 4.Nxd4 exd4 5.O-O Bc5 6.d3 c6 7.Ba4 Qh4 8.e5 
d6 9.Re1 d5 10.Qf3 Be6 11.Qg3 Qxg3 12.hxg3 O-O-O 13.Nd2 b5 14.Bb3 Kb7 15.
Nf3 Ne7 16.c3 dxc3 17.bxc3 Nc8 18.a4 a6 19.Ng5 h6 20.Nxe6 fxe6 21.Be3 Bxe3
22.Rxe3 c5 23.Bd1 Ne7 24.Bg4 Nf5 25.Ree1 g6 26.axb5 axb5 27.Ra5 b4 28.Rxc5
Kb6 29.cxb4 Rc8 30.Rec1 Rxc5 31.bxc5+ Kb5 32.Bxf5 gxf5 33.d4 Ra8 34.Kh2 
Kc6 35.Rc2 Ra1 36.Rd2 Rf1 37.f3 Kc7 38.Ra2 Rd1 39.Ra4 Kb7 40.Rb4+ Kc7 41.
Rb6 Kd7 42.Rb7+ Kc6 43.Re7 Rxd4 44.Rxe6+ Kxc5 45.Rxh6 f4 46.gxf4 Rxf4 47.
Kg3 Ra4 48.f4 d4 49.Rd6 Ra3+ 50.Kg4 Re3 51.Kf5 Rg3 52.Ke6 Rg6+ 53.Ke7 Rg7+
54.Kf6 Rxg2 55.f5 Re2 56.Ke6 Ra2 57.f6 1-0

[Event "XXIII Festival Conca della Presolana A"]
[Site "Bratto - Castione della Presolana ITA"]
[Date "2003.08.28"]
[Round "8"]
[White "Caruso, Augusto"]
[Black "Bentivegna, Francesco"]
[Result "0-1"]
[WhiteElo "2247"]
[BlackElo "2165"]
[PlyCount "82"]
[EventDate "2003.08.21"]

1.e4 d5 2.exd5 Nf6 3.d4 Bg4 4.f3 Bf5 5.Bb5+ Nbd7 6.c4 e6 7.g4 Bxb1 8.dxe6 
Bg6 9.exd7+ Nxd7 10.Qe2+ Be7 11.Bg5 f6 12.Bd2 c6 13.Ba4 Nb6 14.Bb3 Qxd4 
15.Bc3 Qd3 16.Rd1 Qxe2+ 17.Nxe2 Bf7 18.Ng3 O-O 19.Ne4 Rad8 20.c5 Rxd1+ 21.
Kxd1 Bxb3+ 22.axb3 Nd5 23.Rg1 Nxc3+ 24.bxc3 f5 25.gxf5 Rxf5 26.Ke2 Rh5 27.
Rg2 Kf7 28.b4 Rd5 29.Rg1 g6 30.Ra1 a6 31.Ke3 Ke6 32.Rg1 Bf8 33.Ng5+ Rxg5 
34.Rxg5 Bh6 35.h4 Bxg5+ 36.hxg5 Kd5 37.Kd3 a5 38.bxa5 Kxc5 39.f4 Kb5 40.
Kd4 Kxa5 41.Kc5 Ka4 0-1

[Event "XXIII Festival Conca della Presolana A"]
[Site "Bratto - Castione della Presolana ITA"]
[Date "2003.08.28"]
[Round "8"]
[White "Castaldo, Folco"]
[Black "Salami, Marco"]
[Result "1-0"]
[WhiteElo "2322"]
[BlackElo "2177"]
[PlyCount "131"]
[EventDate "2003.08.21"]

1.Nf3 f5 2.d3 d6 3.e4 e5 4.Nc3 Nc6 5.exf5 Bxf5 6.d4 Nxd4 7.Nxd4 exd4 8.
Qxd4 c6 9.Bd3 Bxd3 10.Qxd3 Nf6 11.Bg5 Qe7+ 12.Ne2 Qe4 13.O-O-O Qxd3 14.
Rxd3 Kf7 15.Nd4 Ne4 16.Rf3+ Kg6 17.Be3 Be7 18.Ne6 Bf6 19.c4 Kf7 20.Ng5+ 
Nxg5 21.Bxg5 Rhe8 22.Rd1 Rad8 23.Bxf6 gxf6 24.Rd4 Re6 25.Rh4 Kg8 26.Rg4+ 
Kh8 27.Rgf4 Kg7 28.Rb3 Rd7 29.Rg3+ Kh8 30.Rfg4 Re8 31.Kd2 Rde7 32.Re3 Re5 
33.Rf4 Rxe3 34.fxe3 Kg7 35.Rd4 Re6 36.Ke2 Kf8 37.Kf3 Ke8 38.Rh4 Re7 39.Rh6
Rf7 40.Kf4 Ke7 41.Kf5 Rg7 42.h4 d5 43.cxd5 cxd5 44.g4 Rf7 45.Kf4 Rg7 46.g5
fxg5+ 47.hxg5 Kd7 48.Kf5 Rf7+ 49.Ke5 Rg7 50.Kxd5 Rxg5+ 51.Kd4 Rg7 52.e4 
Ke7 53.Kd5 Rg5+ 54.e5 Rg7 55.b4 Kd7 56.a4 Re7 57.e6+ Kc7 58.Rf6 Kd8 59.
Rf8+ Re8 60.Rf7 Kc8 61.Rxh7 Rd8+ 62.Ke5 Rd1 63.Rh8+ Kc7 64.e7 Re1+ 65.Kf6 
Kd7 66.Rd8+ 1-0

[Event "XXIII Festival Conca della Presolana A"]
[Site "Bratto - Castione della Presolana ITA"]
[Date "2003.08.28"]
[Round "8"]
[White "Castelfranchi, Carlo"]
[Black "Lovati, Paolo"]
[Result "0-1"]
[WhiteElo "2165"]
[BlackElo "2089"]
[PlyCount "98"]
[EventDate "2003.08.21"]

1.e4 d6 2.d4 Nf6 3.Nc3 c6 4.f4 Qa5 5.Bd3 e5 6.Nf3 exd4 7.Nxd4 g6 8.Qe2 Bg7
9.Bd2 O-O 10.Nb3 Qc7 11.h3 a5 12.a4 Na6 13.g4 Nb4 14.O-O-O b6 15.f5 Re8 
16.Qf2 Nxd3+ 17.cxd3 Ba6 18.Be3 Nd7 19.d4 b5 20.axb5 cxb5 21.Kb1 a4 22.Nd5
Qa7 23.Na5 Bb7 24.Nxb7 Qxb7 25.f6 Nxf6 26.Nxf6+ Bxf6 27.Qxf6 Qxe4+ 28.Ka1 
Qxe3 29.Rhf1 Qb3 30.d5 Ra7 31.Rde1 Rf8 32.Qf3 Qxf3 33.Rxf3 Rc8 34.Rf6 Rd7 
35.Re4 Rc5 36.Rd4 Kf8 37.g5 Kg7 38.h4 h5 39.Ka2 Kf8 40.Ka3 Ke8 41.Kb4 Rc2 
42.b3 Rb2 43.Kxb5 a3 44.Ra4 a2 45.Kc6 Rc2+ 46.Kb6 Rd8 47.Kb7 Ke7 48.b4 
Rd7+ 49.Kb8 Kd8 0-1

[Event "XXIII Festival Conca della Presolana A"]
[Site "Bratto - Castione della Presolana ITA"]
[Date "2003.08.28"]
[Round "8"]
[White "Cavatorta, Fosco"]
[Black "Paoli, Enrico"]
[Result "1/2-1/2"]
[WhiteElo "2152"]
[BlackElo "1950"]
[PlyCount "204"]
[EventDate "2003.08.21"]

1.Nf3 d5 2.g3 c5 3.Bg2 Nc6 4.O-O e6 5.d3 Nf6 6.Nbd2 Be7 7.e4 dxe4 8.dxe4 
O-O 9.Re1 Qc7 10.c3 Rd8 11.Qe2 e5 12.Nf1 Rb8 13.Bg5 h6 14.Bxf6 Bxf6 15.Ne3
Be6 16.Qc2 b5 17.Rad1 Ne7 18.Bf1 c4 19.Re2 Qa5 20.a3 Rxd1 21.Qxd1 Rd8 22.
Rd2 Rxd2 23.Qxd2 Qc7 24.Nd5 Bxd5 25.exd5 Qd6 26.Bg2 Qxd5 27.Qxd5 Nxd5 28.
Nd2 Nc7 29.a4 Bg5 30.Ne4 Bc1 31.axb5 Bxb2 32.Bf1 Nxb5 33.Bxc4 Nxc3 34.Nd6 
a5 35.Nxf7 a4 36.Nxe5+ Kf8 37.Nd3 a3 38.Kf1 Ke7 39.Ke1 Kd6 40.Kd2 Ne4+ 41.
Kc2 Bd4 42.Kb3 Nd2+ 43.Kxa3 Nxc4+ 44.Kb3 Ne5 45.Nf4 Bxf2 46.Kc3 g5 47.Nh3 
Be1+ 48.Kd4 Ng4 49.Nxg5 hxg5 50.h4 gxh4 51.gxh4 Bxh4 52.Ke4 Nh6 53.Kd4 Bg5
54.Ke4 Ke6 55.Kd4 Nf5+ 56.Ke4 Bc1 57.Kd3 Kd5 58.Kc2 Bg5 59.Kd3 Bf6 60.Ke2 
Ke4 61.Kd2 Nd6 62.Ke2 Bd4 63.Kd2 Nc4+ 64.Ke2 Na5 65.Kd2 Nb3+ 66.Kc2 Nc5 
67.Kd2 Be5 68.Ke2 Bf4 69.Kf2 Ne6 70.Ke2 Be3 71.Kd1 Kd3 72.Ke1 Nf4 73.Kf1 
Bd4 74.Ke1 Be3 75.Kf1 Bb6 76.Ke1 Nh5 77.Kf1 Nf4 78.Ke1 Be3 79.Kf1 Ke4 80.
Ke1 Kd3 81.Kf1 Bc5 82.Ke1 Ke3 83.Kd1 Kd3 84.Ke1 Nd5 85.Kf1 Nf4 86.Ke1 Bd4 
87.Kf1 Ke3 88.Ke1 Nd3+ 89.Kf1 Nf4 90.Ke1 Bc3+ 91.Kf1 Kf3 92.Kg1 Be1 93.Kf1
Bg3 94.Kg1 Ng6 95.Kh1 Bf2 96.Kh2 Nf4 97.Kh1 Ne2 98.Kh2 Be3 99.Kh1 Bc5 100.
Kh2 Nf4 101.Kh1 Kf2 102.Kh2 Bd6 1/2-1/2

[Event "XXIII Festival Conca della Presolana A"]
[Site "Bratto - Castione della Presolana ITA"]
[Date "2003.08.28"]
[Round "8"]
[White "Cazzaniga, Walter"]
[Black "Podini, Francesco"]
[Result "1/2-1/2"]
[WhiteElo "2130"]
[BlackElo "2041"]
[PlyCount "41"]
[EventDate "2003.08.21"]

1.d4 Nf6 2.c4 c5 3.d5 b5 4.cxb5 a6 5.bxa6 g6 6.Nc3 Bxa6 7.Nf3 d6 8.g3 Bg7 
9.Bg2 O-O 10.O-O Nbd7 11.Qc2 Qc7 12.Rd1 Rfb8 13.Rb1 Ng4 14.b3 Rb7 15.Bb2 
Rab8 16.h3 Nh6 17.Nd2 c4 18.bxc4 Bxc4 19.Ba1 Nf5 20.Rxb7 Rxb7 21.e3 
1/2-1/2

[Event "XXIII Festival Conca della Presolana A"]
[Site "Bratto - Castione della Presolana ITA"]
[Date "2003.08.28"]
[Round "8"]
[White "Contin, Daniel"]
[Black "Horvath, Csaba"]
[Result "1/2-1/2"]
[WhiteElo "2356"]
[BlackElo "2513"]
[PlyCount "33"]
[EventDate "2003.08.21"]

1.Nf3 g6 2.c4 Bg7 3.Nc3 Nf6 4.e4 d6 5.g3 Bg4 6.h3 Bxf3 7.Qxf3 Nc6 8.d3 Nd4
9.Qd1 c5 10.Bg2 Rb8 11.O-O O-O 12.Be3 Nd7 13.Rb1 a6 14.a3 b5 15.cxb5 Nxb5 
16.Nxb5 Rxb5 17.b4 1/2-1/2

[Event "XXIII Festival Conca della Presolana A"]
[Site "Bratto - Castione della Presolana ITA"]
[Date "2003.08.28"]
[Round "8"]
[White "Contini, Gabriele"]
[Black "Leoni, Fabrizio"]
[Result "1/2-1/2"]
[WhiteElo "1969"]
[BlackElo "2102"]
[PlyCount "37"]
[EventDate "2003.08.21"]

1.d4 Nf6 2.Bg5 e6 3.e4 Be7 4.Nc3 b6 5.Bd3 Bb7 6.Nf3 d6 7.O-O Nfd7 8.Bxe7 
Qxe7 9.Re1 e5 10.Nd5 Qd8 11.Qd2 O-O 12.Ne3 Nc6 13.c3 Nf6 14.Nf5 Bc8 15.Bb5
Bd7 16.Qg5 g6 17.d5 Nb8 18.Bxd7 Nbxd7 19.Rad1 1/2-1/2